000 01098cam a22003254a 4500
001 13901
003 BD-RjUL
005 20211208235532.0
008 140203s2006 njua b 001 0 eng
020 _a0131134124 (casebound)
035 _a(BD-RjUL)13953
040 _aDLC
_cDLC
_dDLC
_dBD-RjU
_beng
041 _aeng
082 0 0 _a636.2142
_222
_bTYD
100 1 _aTyler, Howard D.
_943444
245 1 0 _aDairy cattle science /
_cHoward D. Tyler, M.E. Ensminger.
250 _a4th ed.
260 _aUpper Saddle River, N.J. :
_bPearson Prentice Hall,
_cc2006.
300 _aix, 417 p. :
_bill. ;
_c29 cm.
500 _aRev ed. of: Dairy cattle science / by M.E. Ensminger. 1993.
504 _aIncludes bibliographical references and index.
650 0 _aDairy cattle.
_943445
650 0 _aDairy farming.
_943446
700 1 _aEnsminger, M. Eugene.
_943447
700 1 _aEnsminger, M. Eugene.
_tDairy cattle science.
_943448
856 4 1 _3Table of contents
_uhttp://www.loc.gov/catdir/toc/fy0601/2005043003.html
942 _2ddc
_cBK
999 _c13901
_d13901